000 00298nam a22001337a 4500
008 181031b xxu||||| |||| 00| 0 eng d
020 _a
041 _aeng
080 _a316
100 _a50
101 _aSOC
245 _aThree Rivaql Versions Moral Enquiry
_cAlasdair,M
942 _2udc
_cBK
999 _c51276
_d51276